<?xml version="1.0" encoding="UTF-8"?><marc:collection xmlns:marc="http://www.loc.gov/MARC21/slim">
  <marc:record>
    <marc:leader>00000nam##2200000za#4500</marc:leader>
    <marc:controlfield tag="001">9.681128</marc:controlfield>
    <marc:controlfield tag="003">CaOODSP</marc:controlfield>
    <marc:controlfield tag="005">20231123085205</marc:controlfield>
    <marc:controlfield tag="007">ta</marc:controlfield>
    <marc:controlfield tag="008">150407|2000||||xxc|||||     f|0| 0 fre|d</marc:controlfield>
    <marc:datafield tag="020" ind1=" " ind2=" ">
      <marc:subfield code="a">0-662-84722-9</marc:subfield>
    </marc:datafield>
    <marc:datafield tag="040" ind1=" " ind2=" ">
      <marc:subfield code="a">CaOODSP</marc:subfield>
      <marc:subfield code="b">fre</marc:subfield>
    </marc:datafield>
    <marc:datafield tag="043" ind1=" " ind2=" ">
      <marc:subfield code="a">n-cn---</marc:subfield>
    </marc:datafield>
    <marc:datafield tag="086" ind1="1" ind2=" ">
      <marc:subfield code="a">E2-198/2000F</marc:subfield>
    </marc:datafield>
    <marc:datafield tag="110" ind1="1" ind2=" ">
      <marc:subfield code="a">Canada. </marc:subfield>
      <marc:subfield code="b">Affaires étrangères et commerce international Canada.</marc:subfield>
    </marc:datafield>
    <marc:datafield tag="245" ind1="1" ind2="3">
      <marc:subfield code="a">La sécurité humaine au Soudan : </marc:subfield>
      <marc:subfield code="b">rapport de la mission d'évaluation canadienne / </marc:subfield>
      <marc:subfield code="c">par John Harker. </marc:subfield>
    </marc:datafield>
    <marc:datafield tag="260" ind1=" " ind2=" ">
      <marc:subfield code="a">Ottawa - Ontario : </marc:subfield>
      <marc:subfield code="b">Affaires étrangères et Commerce international </marc:subfield>
      <marc:subfield code="c">2000.</marc:subfield>
    </marc:datafield>
    <marc:datafield tag="300" ind1=" " ind2=" ">
      <marc:subfield code="a">122, 20p. : </marc:subfield>
      <marc:subfield code="b">carte, tableaux ; </marc:subfield>
      <marc:subfield code="c">28 cm.</marc:subfield>
    </marc:datafield>
    <marc:datafield tag="500" ind1=" " ind2=" ">
      <marc:subfield code="a">«Le ministre des Affaires étrangères, M. Lloyd Axworthy, s'est souvent prononcé contre la guerre civile au Soudan et ses conséquences pour la sécurité humaine dans ce pays et il a vivement réitéré ses préoccupations concernant le conflit et la situation des droits de la personnes, à l'occasion d'une réunion avec le ministre soudanais des Affaires étrangères à New York en septembre 1999. Les deux ministres ont également discuté du rôle du secteur pétrolier au Soudan. Ils se sont entendus sur l'envoi d'une mission d'évaluation ayant pour mandat:a) de faire une enquête indépendante sur les violations des droits de la personne, tout particulièrement en ce qui a trait aux allégations d'esclavage ou de pratiques assimilables à l'esclavage au Soudan, b) de faire enquête et rapport sur les allégations selon lesquelles il y a un lien entre l'exploitation pétrolière et l'atteinte aux droits de la personnes, tout particulièrement en ce qui a trait aux déplacement forcés de la population dans le voisinage des champs pétrolifères et des travaux entourant l'exploitation pétrolière.»--Page 2.</marc:subfield>
    </marc:datafield>
    <marc:datafield tag="520" ind1="3" ind2=" ">
      <marc:subfield code="a">Le ministre des Affaires étrangères, M. Lloyd Axworthy, s'est souvent prononcé contre la guerre civile au Soudan et ses conséquences pour la sécurité humaine dans ce pays et il a vivement réitéré ses préoccupations concernant le conflit et la situation des droits de la personnes, à l'occasion d'une réunion avec le ministre soudanais des Affaires étrangères à New York en septembre 1999. Les deux ministres ont également discuté du rôle du secteur pétrolier au Soudan. Ils se sont entendus sur l'envoi d'une mission d'évaluation ayant pour mandat:a) de faire une enquête indépendante sur les violations des droits de la personne, tout particulièrement en ce qui a trait aux allégations d'esclavage ou de pratiques assimilables à l'esclavage au Soudan, b) de faire enquête et rapport sur les allégations selon lesquelles il y a un lien entre l'exploitation pétrolière et l'atteinte aux droits de la personnes, tout particulièrement en ce qui a trait aux déplacement forcés de la population dans le voisinage des champs pétrolifères et des travaux entourant l'exploitation pétrolière.--Page 2</marc:subfield>
    </marc:datafield>
    <marc:datafield tag="563" ind1=" " ind2=" ">
      <marc:subfield code="a">Reliure à spirale</marc:subfield>
    </marc:datafield>
    <marc:datafield tag="590" ind1=" " ind2=" ">
      <marc:subfield code="a">00-20</marc:subfield>
      <marc:subfield code="b">2000-05-19</marc:subfield>
    </marc:datafield>
    <marc:datafield tag="691" ind1="0" ind2="7">
      <marc:subfield code="a">Affaires étrangères</marc:subfield>
      <marc:subfield code="2">gcpds</marc:subfield>
    </marc:datafield>
    <marc:datafield tag="691" ind1="0" ind2="7">
      <marc:subfield code="a">Politique étrangère</marc:subfield>
      <marc:subfield code="2">gcpds</marc:subfield>
    </marc:datafield>
    <marc:datafield tag="691" ind1="0" ind2="7">
      <marc:subfield code="a">Droits de la personne</marc:subfield>
      <marc:subfield code="2">gcpds</marc:subfield>
    </marc:datafield>
    <marc:datafield tag="720" ind1="1" ind2=" ">
      <marc:subfield code="a">Harker, John</marc:subfield>
    </marc:datafield>
    <marc:datafield tag="775" ind1="0" ind2="8">
      <marc:subfield code="t">Human security in Sudan : </marc:subfield>
      <marc:subfield code="w">(CaOODSP)9.647746</marc:subfield>
    </marc:datafield>
    <marc:datafield tag="776" ind1="0" ind2="#">
      <marc:subfield code="t">La sécurité humaine au Soudan : </marc:subfield>
      <marc:subfield code="w">(CaOODSP)9.637732</marc:subfield>
    </marc:datafield>
  </marc:record>
</marc:collection>
